| 000 | 00808nam a2200301Ia 4500 | ||
|---|---|---|---|
| 003 | OSt | ||
| 005 | 20220912150223.0 | ||
| 006 | a|||||r|||| 00| 0 | ||
| 007 | ta | ||
| 008 | 220909b |||||||| |||| 00| 0 eng d | ||
| 024 | _a145 | ||
| 037 | _cTextual | ||
| 040 |
_aCSL _beng _cCSL |
||
| 041 | _aeng | ||
| 082 | _aY7143.63, M4 | ||
| 100 | _aBinFord Lewis R | ||
| 245 | 0 | _aFaunal Remains from Klasies River Mouth | |
| 260 |
_aOrlando _bAcademic Press _c1984 |
||
| 300 |
_axx,283p. _ccm. |
||
| 490 | _astudies in archaeology | ||
| 650 | _a African Paleolothics | ||
| 650 | _a Faunal Remain | ||
| 650 | _a Paleolothics | ||
| 650 | _a South Aferica Paleolothics | ||
| 650 | _aAnthropology | ||
| 942 |
_hY7143.63, M4 _cTEXL _2CC |
||
| 999 |
_c42315 _d42315 |
||